| 000 | 00738nam a22002055i 4500 | ||
|---|---|---|---|
| 001 | 175986 | ||
| 003 | ES-MaACL | ||
| 005 | 20230906215946.0 | ||
| 008 | 101203s2009 sp |||| | spa d | ||
| 080 | _a314.9(460.285 Mazarambroz)"1808" | ||
| 245 | 0 | 0 |
_aPadrón Mazarambroz _b: año de 1808. |
| 260 |
_aMazarambroz (Toledo) : _bAyuntamiento de Mazarambroz, _cD. L. 2009. |
||
| 300 |
_a28 p. ; _c21 cm. |
||
| 490 | 1 |
_aAyuntamiento de Mazarambroz ; _v3 |
|
| 651 | 4 |
_aMazarambroz (Toledo)- _xCensos. _9144189 |
|
| 710 | 1 |
_aMazarambroz (Toledo). _bAyuntamiento. _9144187 |
|
| 830 | 0 |
_aAyuntamiento de Mazarambroz ; _v3 _9189884 |
|
| 852 |
_aES-MaACL _j2272-F-8 _z.- Dedicatoria de Isabel Sánchez-Palencia Mancebo |
||
| 999 |
_c175986 _d175986 |
||